Agricultural in development (Record no. 522319)

MARC details
000 -LEADER
fixed length control field 00726nam a2200241Ia 4500
003 - CONTROL NUMBER IDENTIFIER
control field OSt
005 - DATE AND TIME OF LATEST TRANSACTION
control field 20220925192502.0
008 - FIXED-LENGTH DATA ELEMENTS--GENERAL INFORMATION
fixed length control field 220923b |||||||| |||| 00| 0 eng d
037 ## - SOURCE OF ACQUISITION
Terms of availability General Book
040 ## - CATALOGING SOURCE
Original cataloging agency RTL
Transcribing agency RTL
Language of cataloging eng
041 ## - LANGUAGE CODE
Source of code eng
Language code of text/sound track or separate title eng
100 ## - MAIN ENTRY--PERSONAL NAME
Personal name Crawford John
9 (RLIN) 22166
245 #0 - TITLE STATEMENT
Title Agricultural in development
Remainder of title The Australian case
260 ## - PUBLICATION, DISTRIBUTION, ETC.
Place of publication, distribution, etc. Cairo
Name of publisher, distributor, etc. National Bank
Date of publication, distribution, etc. 1971
300 ## - PHYSICAL DESCRIPTION
Extent 48p.
Dimensions cm.
490 ## - SERIES STATEMENT
Series statement National Bank of Egypt, fiftieth anniversary commemoration lectures
650 ## - SUBJECT ADDED ENTRY--TOPICAL TERM
Topical term or geographic name entry element Agriculture Industry
942 ## - ADDED ENTRY ELEMENTS (KOHA)
Classification part X9(J).8.N7, L1
Koha item type General Books
Source of classification or shelving scheme Colon Classification (CC)

No items available.

Copyright @ Delhi University Library System